000 00680nam a22002417a 4500
003 UA-OsUOA
001 72954
007 ta
008 20110204b un ||||| |||| 00| 0 ukr d
100 _aБлэк У.
090 _a004.738.5(075.8)
_bБ70
942 _cBK
040 _aUA-OsUOA
_brus
_cUA-OsUOA
_dUA-OsUOA
245 _aИнтернет: протоколы безопасности
_bучебный курс
300 _a288 с.
955 _a2
041 _arus
080 _a004.738.5(075.8)
020 _a5-318-00002-9
260 _aСПб
_bПитер
_c2001
650 7 _a00 Загальні питання науки і культури
_2UDC
999 _c359236
_d359236